| 000 | 00890nam a22002297a 4500 | ||
|---|---|---|---|
| 999 |
_c18666 _d18666 |
||
| 003 | AR-CdUCM | ||
| 008 | 190514b ||||| |||| 00| 0 spa d | ||
| 040 |
_aMUNICIPALIDAD PROVINCIAL DEL CUSCO _cBIBLIOTECA MUNICIPAL DEL CUSCO |
||
| 082 |
_a133.8 / _bJ15 |
||
| 100 |
_aJagot, Paul C. _923707 |
||
| 245 |
_aMétodo científico moderno de magnetismo, Hipnotismo sugestión : _bComo hacer reaccionar la actividad nerviosa sobre los órganos enfermos / |
||
| 260 |
_aBuenos Aires : _bTor, _c1958. |
||
| 300 | _c18 cm. | ||
| 440 |
_aEnciclopedia del hombre que triunfa. _931069 |
||
| 505 | _aContenido : t. 3 : Introducción a la medicina -- Malestares no consecutivas a una afección crónica... | ||
| 650 |
_aCultura psíquica _939395 |
||
| 650 |
_aAutosugestión _939396 |
||
| 650 |
_aAlcoholismo _922499 |
||
| 650 |
_aLa potencial del Yo _939397 |
||
| 942 |
_2ddc _cLIBROS |
||
| 945 | _arcc | ||